LEADER 02195nam0 2200457 i 450 001 BVEE017633 005 20170908093206.0 012 $ai,ui uapa raan unne (3) 1529 (R)$2fei 100 $a20061012d1529 ||||0itac50 ba 101 | $aita 102 $ait 181 1$6z01$ai $bxxxe 182 1$6z01$an 200 1 $a˜I œdiletteuoli dialogi le vere narrationi, le facete epistole di Luciano philosopho, di greco in uolgare tradotte per M. Nicolo da Lonigo, et historiate, & di nuouo accuratamente reuiste & emendate 210 $d1529$eImpresso in Vineggia$gper Nicolo di Aristotile libraro detto Zoppino$h1529. del mese di Maggio 215 $aCCXXIII, [1] c.$cill.$d8º 300 $aMarca (V532) in fine 300 $aCors. ; rom 300 $aSegn.: A-2E⁸ 300 $aFront. e c. A4v. e A5r. stampati in rosso e nero. 316 $a1 esemplare$5IT-NA0070, SALA VITI RARI.04 40 500 10$aDialogi$3BVEE017617$9CFIV010826$926095 517 1 $a˜I œdilettevoli dialogi le vere narrationi, le facete epistole di Luciano philosopho.$9BVEE017634 620 $dVenezia$3SBLL003553 700 0$aLucianus$3CFIV010826$4070$0159729 702 1$aLeoniceno$b, Nicolò$3SBLV227712 712 02$aZoppino, Niccolò$3BVEV017176$4650 790 0$aLuciano$3CFIV010827$zLucianus 790 0$aLuciano : di Samosata$3CFIV032874$zLucianus 790 0$aLuciano di Samosata$3CFIV032875$zLucianus 790 0$aLucien$3MILV207438$zLucianus 790 0$aLucianus : Samosatensis$3PUVV193437$zLucianus 790 0$aNiccolo : da Lonigo$3SBNV020826$zLeoniceno, Nicolò 801 3$aIT$bIT-NA0079$c20061012 850 $aIT-NA0070 912 $aBVEE017633 921 $aBVEM000667$bS. Nicola in trono, tiene con la mano sinistra il pastorale e con la destra accoglie il cesto delle offerte porte da una donna inginocchiata.$cV532$dIn fine. 950 0$aBiblioteca Universitaria$c1 esemplare$d BUSALA VITI RARI.04 40$e BUSI 0000168305 B 1 esemplare$fZ $h20061012$i20061012 977 $a BU 996 $aDialogi$926095 997 $aUNISANNIO LEADER 02150nam 2200421 n 450 001 996391571703316 005 20221108033821.0 035 $a(CKB)1000000000677131 035 $a(EEBO)2240866590 035 $a(UnM)99842856 035 $a(EXLCZ)991000000000677131 100 $a19910529d1561 uy | 101 0 $aeng 135 $aurbn||||a|bb| 200 04$aThe institution of Christian religion, vvrytten in Latine by maister Ihon Caluin, and translated into Englysh according to the authors last edition. Seen and allowed according to the order appointed in the Quenes maiesties iniunctions$b[electronic resource] 210 $aImprinted at London $cBy Reinolde VVolfe & Richarde Harison$dAnno. 1561 [6 May] Cum priuilegio ad imprimendum solum 215 $a[8], 70; 269, [1]; 171, [3] leaves 300 $aA translation of: Institutio Christianae religionis. 300 $aSigned at end: T.N., i.e. Thomas Norton, the translator. 300 $a"Wolfe app[arently]. pr[inted]. the prelims. and sheets w. foliation in the margins; Harrison those w. foliation above the text"--STC. 300 $aMonth date of printing from colophon. 300 $aThe second and fourth books begin separate foliation and register. 300 $aIncludes index. 300 $aThe title page has "to the au- #5FD\ thors"; verso has printer's note. Variant: title page has "to the #5FD\ authors"; verso is blank. 300 $aReproduction of the original in the Henry E. Huntington Library and Art Gallery. 330 $aeebo-0113 606 $aTheology, Doctrinal$vEarly works to 1800 615 0$aTheology, Doctrinal 700 $aCalvin$b Jean$f1509-1564.$0154241 701 $aNorton$b Thomas$f1532-1584.$01001069 801 0$bCu-RivES 801 1$bCu-RivES 801 2$bCStRLIN 801 2$bWaOLN 906 $aBOOK 912 $a996391571703316 996 $aThe institution of Christian religion, vvrytten in Latine by maister Ihon Caluin, and translated into Englysh according to the authors last edition. Seen and allowed according to the order appointed in the Quenes maiesties iniunctions$92392855 997 $aUNISA